00405nam a2200121 i 4500001000300000100001500003245008900018260002100107040000800128041000800136008004100144856009800185bg1 aKARWAT, M. 0aPodmiotowość polityczna :bhumanistyczna interpretacja polityki... /cM. Karwat. aWarszawa,c1980. cBPK apol s pl f |000 0 pol  uhttp://koha.tu.koszalin.pl/cgi-bin/koha/opac-detail.pl?biblionumber=21931yKatalog online BPK